[Event "POR-chT2 final"]
[Site "Leiria"]
[Date "2017.07.23"]
[Round "3.1"]
[White "Dias, Ivo Rodrigues"]
[Black "Craciun, Ion"]
[Result "1-0"]
[WhiteElo "2207"]
[BlackElo "1980"]
[PlyCount "79"]
[EventDate "2017.07.22"]
[EventType "team-tourn"]
[EventRounds "3"]
[EventCountry "POR"]
[SourceTitle "EXT 2018"]
[Source "ChessBase"]
[SourceDate "2017.10.13"]
[SourceVersion "1"]
[SourceVersionDate "2017.10.13"]
[SourceQuality "1"]
[WhiteTeam "CX A2D"]
[BlackTeam "Amadora"]
[WhiteTeamCountry "POR"]
[BlackTeamCountry "POR"]

1. e4 e5 2. Nf3 Nc6 3. Bc4 Nf6 4. d3 Be7 5. 0-0 0-0 6. Re1 d6 7. a4 Bg4 8. h3 Bh5 9. c3 h6 10. a5 a6 11. Nbd2 Nh7 12. Qb3 Rb8 13. Qa4 Ng5 14. Nh2 Ne6 15. Ndf1 Bg5 16. Ng3 Bg6 17. b4 Bxc1 18. Raxc1 Nf4 19. Rcd1 h5 20. Nf3 Qf6 21. h4 Ne7 22. d4 c6 23. dxe5 dxe5 24. Rd7 Rbd8 25. Red1 Rxd7 26. Rxd7 Nc8 27. Qd1 b5 28. axb6 Nxb6 29. Rd6 Qe7 30. Bxa6 Ra8 31. Bf1 Rc8 32. b5 Nbd5 33. Rxc6 Rxc6 34. bxc6 Nxc3 35. Qb3 Nxe4 36. Nxe4 Bxe4 37. Qb8+ Qf8 38. c7 Bf5 39. Nxe5 Nd5 40. Bc4 1-0

[Event "Portugal op"]
[Site "Oeiras"]
[Date "2015.09.02"]
[Round "6"]
[White "Craciun, Ion"]
[Black "Garcia, Antonio Manuel Cost"]
[Result "1-0"]
[WhiteElo "2025"]
[BlackElo "1957"]
[PlyCount "59"]
[EventDate "2015.08.30"]
[EventType "swiss"]
[EventRounds "9"]
[EventCountry "POR"]
[SourceTitle "EXT 2016"]
[Source "ChessBase"]
[SourceDate "2015.10.08"]
[SourceVersion "1"]
[SourceVersionDate "2015.10.08"]
[SourceQuality "1"]

1. d4 d5 2. c4 c6 3. Nf3 Nf6 4. Nc3 e6 5. Bg5 Nbd7 6. e3 dxc4 7. Bxc4 b5 8. Bd3 Bb7 9. 0-0 a6 10. e4 b4 11. Ne2 Be7 12. Ng3 c5 13. d5 Nxd5 14. exd5 Bxg5 15. dxe6 fxe6 16. Bc4 Nb6 17. Qe2 Nxc4 18. Qxe6+ Kf8 19. Qxc4 Be7 20. Rad1 Qc7 21. Nd4 Bc8 22. Ne6+ Bxe6 23. Qxe6 Rd8 24. Nf5 g6 25. Nh6 Qf4 26. Rfe1 Re8 27. Rd3 Kg7 28. Rf3 Qxf3 29. gxf3 Kxh6 30. Qd7 1-0

[Event "Portugal op"]
[Site "Oeiras"]
[Date "2015.08.30"]
[Round "1"]
[White "Ferreira, Jorge Viterbo"]
[Black "Craciun, Ion"]
[Result "1-0"]
[WhiteElo "2447"]
[BlackElo "2025"]
[PlyCount "51"]
[EventDate "2015.08.30"]
[EventType "swiss"]
[EventRounds "9"]
[EventCountry "POR"]
[SourceTitle "EXT 2016"]
[Source "ChessBase"]
[SourceDate "2015.10.08"]
[SourceVersion "1"]
[SourceVersionDate "2015.10.08"]
[SourceQuality "1"]

1. d4 Nf6 2. c4 c5 3. d5 e6 4. Nc3 exd5 5. cxd5 d6 6. Nf3 g6 7. Bf4 Bg7 8. Qa4+ Bd7 9. Qb3 Qc7 10. e4 Nh5 11. Be3 0-0 12. Be2 Na6 13. 0-0 Rab8 14. Qd1 Rfe8 15. Nd2 Nf6 16. Bf4 b5 17. a4 Nb4 18. axb5 Nh5 19. Bxh5 gxh5 20. Nc4 Be5 21. Bxe5 dxe5 22. Qxh5 f6 23. Qh6 Rf8 24. f4 Nd3 25. fxe5 Nxe5 26. d6 1-0

[Event "Lisbon Check Mate op 3rd"]
[Site "Lisbon"]
[Date "2015.08.14"]
[Round "7"]
[White "Guerreiro, Nuno M"]
[Black "Craciun, Ion"]
[Result "1/2-1/2"]
[WhiteElo "2106"]
[BlackElo "2025"]
[PlyCount "71"]
[EventDate "2015.08.08"]
[EventType "swiss"]
[EventRounds "7"]
[EventCountry "POR"]
[SourceTitle "EXT 2017"]
[Source "ChessBase"]
[SourceDate "2016.10.25"]
[SourceVersion "1"]
[SourceVersionDate "2016.10.25"]
[SourceQuality "1"]

1. e4 e5 2. Nf3 Nc6 3. Nc3 Nf6 4. d4 Nxd4 5. Nxe5 Ne6 6. Bd3 Bb4 7. 0-0 Bxc3 8. bxc3 0-0 9. c4 d6 10. Ng4 Nxg4 11. Qxg4 Nc5 12. Qg3 Nxd3 13. cxd3 f5 14. Bb2 Qe7 15. exf5 Bxf5 16. Rfe1 Qf7 17. Re3 Rae8 18. Rae1 Rxe3 19. Rxe3 Bg6 20. Qh4 Re8 21. Qd4 Rxe3 22. Qxe3 b6 23. g4 h5 24. h3 hxg4 25. hxg4 Qe8 26. Qg5 Qf7 27. Qe3 Qe8 28. Qxe8+ Bxe8 29. Kf1 b5 30. cxb5 Bxb5 31. Ke2 Kf7 32. Ke3 g6 33. Bc3 Ke6 34. f4 c5 35. Be1 a6 36. Ba5 1/2-1/2

[Event "Lisbon Check Mate op 3rd"]
[Site "Lisbon"]
[Date "2015.08.08"]
[Round "1"]
[White "Craciun, Ion"]
[Black "Fortunato, Antonio Eduardo"]
[Result "1-0"]
[WhiteElo "2025"]
[BlackElo "1642"]
[PlyCount "107"]
[EventDate "2015.08.08"]
[EventType "swiss"]
[EventRounds "7"]
[EventCountry "POR"]
[SourceTitle "EXT 2017"]
[Source "ChessBase"]
[SourceDate "2016.10.25"]
[SourceVersion "1"]
[SourceVersionDate "2016.10.25"]
[SourceQuality "1"]

1. d4 d5 2. c4 c6 3. Nf3 Nf6 4. Nc3 e6 5. Bg5 Be7 6. e3 0-0 7. Bd3 h6 8. Bh4 dxc4 9. Bxc4 Nd5 10. Bxe7 Qxe7 11. 0-0 Qb4 12. Bxd5 exd5 13. Qc2 Be6 14. a3 Qe7 15. b4 Nd7 16. Na4 Bg4 17. Nc5 Bxf3 18. gxf3 Nxc5 19. bxc5 Qg5+ 20. Kh1 Qh4 21. Qd1 f5 22. f4 Qd8 23. Qf3 Rf6 24. Rfb1 Rb8 25. Rb4 b5 26. cxb6 Rxb6 27. Rab1 Qe7 28. Rxb6 axb6 29. Rxb6 Qxa3 30. Rxc6 Rd6 31. Rxd6 Qxd6 32. Qd1 Qe6 33. Qb1 Kf7 34. h3 Kf6 35. Qb8 Qe4+ 36. Kh2 Qf3 37. Qe5+ Kg6 38. Qe6+ Kh7 39. Qxf5+ Kg8 40. Kg1 Kh8 41. Qg4 Qe4 42. f5 Qe7 43. h4 Qf6 44. Kg2 Qe7 45. h5 Kg8 46. Qg6 Kh8 47. f6 Qxf6 48. Qxf6 gxf6 49. Kf3 Kg7 50. Kf4 Kf7 51. Kf5 Ke7 52. Kg6 Ke6 53. Kxh6 Kf7 54. f3 1-0

[Event "POR-ch prel"]
[Site "Lisbon"]
[Date "2015.03.14"]
[Round "9"]
[White "Gomes, Miguel"]
[Black "Craciun, Ion"]
[Result "1-0"]
[WhiteElo "2264"]
[BlackElo "1995"]
[PlyCount "53"]
[EventDate "2015.03.08"]
[EventType "swiss"]
[EventRounds "9"]
[EventCountry "POR"]
[SourceTitle "EXT 2018"]
[Source "ChessBase"]
[SourceDate "2017.10.13"]
[SourceVersion "1"]
[SourceVersionDate "2017.10.13"]
[SourceQuality "1"]

1. d4 Nf6 2. c4 c5 3. d5 e6 4. Nf3 exd5 5. cxd5 d6 6. Nc3 g6 7. Nd2 Nbd7 8. e4 Bg7 9. Be2 0-0 10. 0-0 Re8 11. a4 a6 12. Qc2 Rb8 13. a5 Ne5 14. h3 g5 15. Ra3 g4 16. f4 gxh3 17. fxe5 hxg2 18. Rxf6 Rxe5 19. Rf2 Qh4 20. Rxg2 Rg5 21. Nf3 Rxg2+ 22. Kxg2 Bh3+ 23. Kh2 Qh5 24. Nd1 Kh8 25. Ng5 Bg4+ 26. Rh3 Be5+ 27. Kh1 1-0

[Event "POR-ch prel"]
[Site "Lisbon"]
[Date "2015.03.11"]
[Round "6"]
[White "Craciun, Ion"]
[Black "Antao, Jorge"]
[Result "1-0"]
[WhiteElo "1995"]
[BlackElo "1829"]
[PlyCount "37"]
[EventDate "2015.03.08"]
[EventType "swiss"]
[EventRounds "9"]
[EventCountry "POR"]
[SourceTitle "EXT 2018"]
[Source "ChessBase"]
[SourceDate "2017.10.13"]
[SourceVersion "1"]
[SourceVersionDate "2017.10.13"]
[SourceQuality "1"]

1. d4 Nf6 2. c4 c5 3. d5 b5 4. cxb5 a6 5. bxa6 g6 6. Nc3 Bxa6 7. f4 Bg7 8. Nf3 d6 9. e4 Bxf1 10. Kxf1 0-0 11. e5 Ne8 12. Kf2 Qb6 13. Qe2 Nc7 14. Rd1 Nd7 15. Kg1 Rfb8 16. a4 Qb4 17. exd6 exd6 18. Qe7 Rd8 19. Ng5 1-0

[Event "POR-ch prel"]
[Site "Lisbon"]
[Date "2015.03.08"]
[Round "2"]
[White "Craciun, Ion"]
[Black "Dias, Jose Oliveira Gaspa"]
[Result "1-0"]
[WhiteElo "1995"]
[BlackElo "1665"]
[PlyCount "121"]
[EventDate "2015.03.08"]
[EventType "swiss"]
[EventRounds "9"]
[EventCountry "POR"]
[SourceTitle "EXT 2018"]
[Source "ChessBase"]
[SourceDate "2017.10.13"]
[SourceVersion "1"]
[SourceVersionDate "2017.10.13"]
[SourceQuality "1"]

1. d4 d5 2. c4 c6 3. Nf3 Nf6 4. Nc3 a6 5. a4 Bg4 6. Ne5 Be6 7. e3 Nfd7 8. Nxd7 Nxd7 9. cxd5 cxd5 10. Bd3 g6 11. 0-0 Nf6 12. Bd2 Bg7 13. a5 0-0 14. Na4 Bd7 15. Nb6 Rb8 16. b4 Bc6 17. Qb3 Ne4 18. Bxe4 dxe4 19. Bc3 e6 20. Rac1 Qg5 21. Rfd1 Rbd8 22. Bb2 h5 23. Rc5 Bd5 24. Nxd5 Rxd5 25. Rxd5 exd5 26. Rc1 h4 27. h3 Qf5 28. Rc7 Rb8 29. b5 Qe6 30. bxa6 Qxa6 31. Qxd5 Rf8 32. Rxb7 Qd3 33. Qb5 Qd1+ 34. Qf1 Qa4 35. Qe1 Ra8 36. Bc3 Rc8 37. Rb1 Bf6 38. Ra1 Qc4 39. Bd2 Qa6 40. Bb4 Rc4 41. Rc1 Bd8 42. Rxc4 Qxc4 43. Qc3 Qa6 44. Qc5 Qf6 45. Qf8+ Kh7 46. a6 Bb6 47. Qd6 Qxd6 48. Bxd6 Ba7 49. Bc5 Bb8 50. a7 Bxa7 51. Bxa7 Kg7 52. f3 f5 53. fxe4 fxe4 54. Kf2 Kf6 55. g3 g5 56. gxh4 gxh4 57. Bb6 Ke7 58. Ke2 Kd7 59. Kd2 Ke7 60. Kc3 Kd7 61. Kc4 1-0

[Event "POR-ch prel"]
[Site "Lisbon"]
[Date "2013.07.20"]
[Round "8.4"]
[White "Santos, Hugo Lima"]
[Black "Craciun, Ion"]
[Result "1-0"]
[WhiteElo "2221"]
[BlackElo "1989"]
[PlyCount "85"]
[EventDate "2013.07.15"]
[EventType "swiss"]
[EventRounds "9"]
[EventCountry "POR"]
[SourceTitle "EXT 2015"]
[Source "ChessBase"]
[SourceDate "2014.11.20"]
[SourceVersion "1"]
[SourceVersionDate "2014.11.20"]
[SourceQuality "1"]

1. e4 e5 2. Nf3 Nc6 3. Bb5 a6 4. Ba4 Nf6 5. d3 b5 6. Bb3 Be7 7. 0-0 0-0 8. Re1 d6 9. c3 Na5 10. Bc2 c5 11. Nbd2 Re8 12. Nf1 Bf8 13. Bg5 h6 14. Bxf6 Qxf6 15. Ne3 Be6 16. Nd5 Bxd5 17. exd5 g6 18. b4 Nb7 19. Nd2 cxb4 20. cxb4 Bg7 21. Rc1 Rec8 22. Bb3 Qd8 23. Rc6 Qd7 24. Qc2 Nd8 25. Rxc8 Rxc8 26. Qb1 Qc7 27. a3 f5 28. h4 h5 29. g3 Nf7 30. Nf3 Kh7 31. Kg2 Bf6 32. Ng1 Nh6 33. d4 e4 34. Ne2 Ng4 35. Qb2 Qd8 36. Nf4 Qc7 37. Ne2 Qe7 38. Rc1 Rxc1 39. Qxc1 e3 40. f3 Nf2 41. Qc3 Bxh4 42. gxh4 Qxh4 43. Qxe3 1-0

[Event "POR-ch"]
[Site "Amadora"]
[Date "2010.09.08"]
[Round "5"]
[White "Santos, Joao Artur Almeida"]
[Black "Craciun, Ion"]
[Result "1/2-1/2"]
[WhiteElo "2038"]
[BlackElo "1907"]
[PlyCount "89"]
[EventDate "2010.08.28"]
[EventType "swiss"]
[EventRounds "9"]
[EventCountry "POR"]
[SourceTitle "CBM 138 Extra"]
[Source "ChessBase"]
[SourceDate "2010.10.29"]
[SourceVersion "1"]
[SourceVersionDate "2010.10.29"]
[SourceQuality "1"]

1. e4 e5 2. f4 exf4 3. Bc4 Qh4+ 4. Kf1 d6 5. Nc3 Be6 6. Qe2 c6 7. d4 Bxc4 8. Qxc4 Nd7 9. Nf3 Qf6 10. Bd2 0-0-0 11. b4 Nb6 12. Qb3 g5 13. h3 h5 14. h4 g4 15. Ng5 Nh6 16. Rd1 Bg7 17. Ne2 f3 18. gxf3 gxf3 19. Qxf3 Qxf3+ 20. Nxf3 Nc4 21. Bc1 Ng4 22. Rd3 Rhe8 23. Ng3 Bh6 24. Bxh6 Nxh6 25. Rg1 f5 26. Nxf5 Nxf5 27. exf5 Ne3+ 28. Kf2 Nxc2 29. Rb1 Re4 30. Rb2 Nxb4 31. Rxb4 Rf4 32. Rb1 Rxf5 33. Rg1 Rdf8 34. Rg5 Kc7 35. Rg7+ R8f7 36. Rg6 b5 37. Ra3 a5 38. Rg5 a4 39. Rxf5 Rxf5 40. Ke3 Kb6 41. Rd3 b4 42. Nd2 d5 43. Nf3 Kb5 44. Ne5 c5 45. Nd7 1/2-1/2

[Event "POR-ch sf"]
[Site "Amadora"]
[Date "2009.09.08"]
[Round "5"]
[White "Craciun, Ion"]
[Black "Santos, Julio Fernandes"]
[Result "0-1"]
[WhiteElo "1907"]
[BlackElo "2023"]
[PlyCount "76"]
[EventDate "2009.09.05"]
[EventType "swiss"]
[EventRounds "9"]
[EventCountry "POR"]
[SourceTitle "EXT 2015"]
[Source "ChessBase"]
[SourceDate "2014.11.20"]
[SourceVersion "1"]
[SourceVersionDate "2014.11.20"]
[SourceQuality "1"]

1. d4 d5 2. c4 c6 3. Nf3 Bg4 4. Ne5 Bf5 5. Nc3 f6 6. Nf3 e6 7. Bf4 Bd6 8. Bxd6 Qxd6 9. cxd5 exd5 10. e3 Nd7 11. Bd3 Bxd3 12. Qxd3 Ne7 13. 0-0 0-0 14. b4 a6 15. Rfe1 Nb6 16. e4 Ng6 17. exd5 Nxd5 18. Nxd5 Qxd5 19. Qe4 Rad8 20. Re3 Kf7 21. Qxd5+ Rxd5 22. Rae1 Rfd8 23. g3 R8d7 24. Kg2 Ne7 25. g4 Rb5 26. a3 Nd5 27. Re4 a5 28. bxa5 Rxa5 29. g5 Rxa3 30. gxf6 gxf6 31. Rh4 Kf8 32. Rhe4 Rg7+ 33. Kf1 Rxf3 34. Re8+ Kf7 35. Rb8 Rb3 36. h4 Nf4 37. Rbe8 Kg6 38. R8e4 Kf5 0-1

[Event "Lisbon Masters"]
[Site "Lisbon"]
[Date "2009.07.23"]
[Round "7"]
[White "Craciun, Ion"]
[Black "Morais, Vitor Mestre"]
[Result "1/2-1/2"]
[WhiteElo "1907"]
[BlackElo "2048"]
[PlyCount "94"]
[EventDate "2009.07.02"]
[EventType "swiss"]
[EventRounds "7"]
[EventCountry "POR"]
[SourceTitle "EXT 2012"]
[Source "ChessBase"]
[SourceDate "2011.11.24"]
[SourceVersion "1"]
[SourceVersionDate "2011.11.24"]
[SourceQuality "1"]

1. d4 Nf6 2. c4 e5 3. dxe5 Ng4 4. Bf4 Nc6 5. Nf3 Bb4+ 6. Nc3 Qe7 7. Qd5 f6 8. exf6 Nxf6 9. Qd3 d6 10. e3 0-0 11. Be2 Ne4 12. 0-0 Nxc3 13. bxc3 Bc5 14. Ng5 Bf5 15. Qd5+ Kh8 16. g4 Bg6 17. Bd3 Bxd3 18. Qxd3 g6 19. Qd5 Rae8 20. h3 h6 21. Nf3 Kh7 22. Rab1 Nd8 23. Nd4 b6 24. Rbd1 a5 25. a4 Ne6 26. Nxe6 Qxe6 27. Rd3 Re7 28. Bg3 Rfe8 29. Bh4 Qxd5 30. cxd5 Re4 31. Ra1 h5 32. Bf6 hxg4 33. hxg4 Rxg4+ 34. Kf1 Rf8 35. Bd4 Rf5 36. Bxc5 bxc5 37. Ke2 Kg7 38. f4 Rg2+ 39. Kf3 Rc2 40. e4 Rh5 41. Rg1 c4 42. Re3 Rh3+ 43. Rg3 Rxg3+ 44. Kxg3 Rd2 45. Kf3 Kf6 46. Re2 Rd3+ 47. Re3 Rd2 1/2-1/2

[Event "Lisbon Masters"]
[Site "Lisbon"]
[Date "2009.07.13"]
[Round "4"]
[White "Santos, Micael Costa"]
[Black "Craciun, Ion"]
[Result "0-1"]
[WhiteElo "2026"]
[BlackElo "1907"]
[PlyCount "50"]
[EventDate "2009.07.02"]
[EventType "swiss"]
[EventRounds "7"]
[EventCountry "POR"]
[SourceTitle "EXT 2012"]
[Source "ChessBase"]
[SourceDate "2011.11.24"]
[SourceVersion "1"]
[SourceVersionDate "2011.11.24"]
[SourceQuality "1"]

1. e4 e5 2. Nf3 Nc6 3. Nc3 Nf6 4. Bb5 Bb4 5. 0-0 0-0 6. Nd5 Nxd5 7. exd5 e4 8. dxc6 exf3 9. Qxf3 dxc6 10. Bd3 Bd6 11. b3 Qg5 12. Bb2 Be6 13. Qe4 Qh6 14. f4 f5 15. Qxe6+ Qxe6 16. Bc4 Qxc4 17. bxc4 Rae8 18. d3 Re2 19. Rac1 Rfe8 20. g3 Kf7 21. a4 Bc5+ 22. d4 Bb4 23. Rf2 Bd2 24. Kf1 Bxc1 25. Rxe2 Rxe2 0-1

[Event "Lisbon Masters"]
[Site "Lisbon"]
[Date "2009.07.02"]
[Round "1"]
[White "Fernandes, Alberto Manuel"]
[Black "Craciun, Ion"]
[Result "1-0"]
[WhiteElo "2208"]
[BlackElo "1907"]
[PlyCount "87"]
[EventDate "2009.07.02"]
[EventType "swiss"]
[EventRounds "7"]
[EventCountry "POR"]
[SourceTitle "EXT 2012"]
[Source "ChessBase"]
[SourceDate "2011.11.24"]
[SourceVersion "1"]
[SourceVersionDate "2011.11.24"]
[SourceQuality "1"]

1. Nf3 Nf6 2. b3 d5 3. Bb2 Bg4 4. e3 Nbd7 5. Be2 e6 6. 0-0 Bd6 7. d4 0-0 8. Nbd2 c5 9. c4 b6 10. Rc1 Rc8 11. Ne5 Bxe2 12. Qxe2 Ne4 13. Nxe4 dxe4 14. Rcd1 f5 15. Nxd7 Qxd7 16. dxc5 bxc5 17. Be5 Rc6 18. b4 Qc7 19. Rxd6 Rxd6 20. Bxd6 Qxd6 21. Rd1 Qe7 22. b5 Rd8 23. Rd2 Qf6 24. g3 g5 25. Qd1 Rxd2 26. Qxd2 Kf7 27. Kg2 g4 28. a4 Ke8 29. Qd6 Qe7 30. Qe5 Kf7 31. a5 Ke8 32. a6 Kf7 33. Qb8 Kg6 34. b6 Qd7 35. b7 Qd1 36. Qg8+ Kf6 37. Qh8+ Kg6 38. Qc3 Qf3+ 39. Kf1 Qd1+ 40. Qe1 Qb3 41. Kg2 e5 42. Qd2 Qb6 43. Qd5 Kf6 44. Qg8 1-0